00291 a2200109 4500001000700000020000600007040001100013100001500024240006900039245006400108362000900172169547 a  cMagnum aPages, Max10aOrientacao nao-diretiva em psicoterapia e psicologia sociallpor10aOrientacao nao-diretiva em psicoterapia e psicologia social0 a1899